Seminario sobre formación profesional y empleo.

Guardat en:
Dades bibliogràfiques
Autor corporatiu: Seminario sobre formación profesional y empleo : San José, Costa Rica, Centro Interamericano de Investigación y Documentación sobre Formación Profesional (CINTERFOR)
Format: Actes de congresos Llibre
Idioma:espanyol
Matèries:
Etiquetes: Afegir etiqueta
Sense etiquetes, Sigues el primer a etiquetar aquest registre!

MARC

LEADER 00000cam^a2200000uu^4500
001 000459921
005 20250521000000.0
008 050901s1976^^^^^^^^^^^^rd^r^1000^0^spa^d
009 20260310124145.463
035 |a FCE 000002388 
035 |a FCE 008691 
037 |a Acervo ITESO - Biblioteca 
041 |a spa 
082 0 4 |a 082.1  |b OIT 1976 1-121 
111 |a Seminario sobre formación profesional y empleo :  |c San José, Costa Rica)  |d (9-11 jul. 1974 : 
245 1 0 |a Seminario sobre formación profesional y empleo. 
264 |a Montevideo :  |b CINTERFOR : OIT,  |c 1976. 
300 |a 71 p. 
336 |a texto  |b txt  |2 rdacontenido 
337 |a sin mediación  |b n  |2 rdamedio 
338 |a volumen  |b nc  |2 rdasoporte 
611 4 |a Seminario 
649 |a XX 
650 |a Formación profesional 
650 |a Empleo 
650 |a Política de empleo 
650 |a Educación técnica 
650 |a América Latina 
710 |a Centro Interamericano de Investigación y Documentación sobre Formación Profesional (CINTERFOR) 
910 |a Fondo Centro de Estudios Educativos 
920 |a Impresos - Libros 
930 |a Fondos Especiales 
905 |a 133 
901 |a ALE008691  |b IT2  |c CEE  |u 20250521 
901 |a ALE048685  |b IT2  |c CEE  |u 20250521 
902 |a https://opac.biblio.iteso.mx/vufind/Record/000459921